00929nam a2200205 a 4500008004100000050001400041100002400055245006700079260003800146300002200184350000900206500001800215650001400233650003400247995008700281995010000368999001700468952012200485952011600607120416s1958 ||||||||||||||||| || u aHD 82 Hir aHirschman, Albert O14aThe strategy of economic developmentcby Albert O. Hirschman  aNew Haven:bYale Universityc1958 axiii, 217p.: ill. a0.00 aInclude Index 0aECONOMICS aECONOMICS--STRATEGIC PLANNING D0.00FCBU-MAIN LIBRARY (Kitwe)H1I0.00M1UAVAILABLEZAnnex Low-Usage Collection  FCBU-DAG HAMMARSKJOLD INSTITUTE LIBRARYI0.00M1UAVAILABLEWAug 14, 2012ZDHIPS Book Collection c30662d30662 00102lcc4070a001b001cAnnex Low-Usage Collection d2022-11-29l0oHD 82 Hirp003933r2022-11-29w2022-11-29y002 00102lcc4070a006b006cDHIPS Book Collectiond2022-11-29l0oHD 82 Hirp500023r2022-11-29w2022-11-29y002